[Event "World Chess King Summit 2018"]
[Site "Shenzhen"]
[Date "2018.07.04"]
[Round "1"]
[White "Ponomariov, Ruslan"]
[Black "Hou, Yifan"]
[Result "1-0"]
[WhiteElo "2686"]
[BlackElo "2658"]
[Annotator "TA"]
[PlyCount "69"]
[EventDate "2018.??.??"]
[EventCountry "CHN"]
[SourceTitle "playchess.com"]
[Source "ChessBase"]
[SourceQuality "1"]

{[%evp 18,69,41,36,45,30,32,32,44,32,25,39,27,32,32,27,120,19,31,27,118,120,139,143,139,139,165,173,234,220,404,394,383,381,394,381,390,390,412,337,337,322,309,105,105,105,105,105,106,97,96,77,80,66]} 1. d4 Nf6 2. Nf3 d5 3. c4 e6 4. g3 Bb4+ 5. Bd2 Bd6 (5... Be7 6. Bg2 O-O 7. O-O Nbd7 8. b4 c6 9. a4 Bd6 10. Qc2 e5 11. cxd5 cxd5 12. dxe5 Nxe5 13. Bc3 Re8 14. Nbd2 Nxf3+ 15. Bxf3 Bh3 {½-½ (58) So,W (2778)-Karjakin,S (2782) Stavanger 2018}) 6. Nc3 {E01: Catalan: Early deviations} O-O 7. Bg2 Nbd7 8. c5 Be7 9. O-O c6 10. b4 {LiveBook: 3 Games} Ne4 11. Nxe4 dxe4 12. Ne5 a5 $146 ({Predecessor:} 12... Nxe5 13. dxe5 {1-0 (31) Lupulescu,C (2618)-Pace,C (2172) Baku 2016}) 13. Nxd7 Qxd7 14. e3 (14. Bxe4 Qxd4 15. Bd3 axb4 $15) 14... e5 15. dxe5 Rd8 16. Bc3 Qe6 (16... axb4 $11 17. Bxb4 Qd5) 17. Qc2 (17. Qb1 $16) 17... axb4 $11 18. Bd4 b6 (18... Ra5 $1 $11) 19. cxb6 $16 Ba6 20. Rfc1 ({Reject} 20. Qxe4 $6 Bxf1 21. Bxf1 c5 $11) 20... c5 21. Bxc5 ({Of course not} 21. Qxe4 $6 Qxb6 22. Qc6 Qxc6 $11) ({Much weaker is} 21. Bxe4 $6 cxd4 22. Bxa8 Rxa8 $11) 21... Rac8 22. Qa4 Rxc5 (22... Bxc5 $142 23. Qxa6 Qxb6 24. Qxb6 Bxb6 25. Bxe4 g6 26. Rxc8 Rxc8) 23. Qxa6 $18 Qxe5 $2 {[#]} (23... Qc6) 24. b7 g6 25. Bf1 Rb8 26. Rxc5 Qxc5 27. Bc4 Rd8 28. Rc1 Kg7 29. Qb5 Qc7 30. Rc2 $2 {[#]} (30. Rb1 $18 {and White stays clearly on top.}) 30... Rb8 $16 {White is better.} 31. Qd5 Bf6 32. Qxe4 Qxb7 33. Qxb7 Rxb7 34. Bb3 Bc3 35. a4 {Precision: White = 63%, Black = 50%.} 1-0

[Event "World Chess King Summit 2018"]
[Site "Shenzhen"]
[Date "2018.07.04"]
[Round "2"]
[White "Hou, Yifan"]
[Black "Ponomariov, Ruslan"]
[Result "1/2-1/2"]
[WhiteElo "2658"]
[BlackElo "2686"]
[Annotator "TA"]
[PlyCount "125"]
[EventDate "2018.??.??"]
[EventCountry "CHN"]
[SourceTitle "playchess.com"]
[Source "ChessBase"]
[SourceQuality "1"]

{[%evp 13,125,20,31,0,10,0,26,25,69,78,85,92,90,97,89,91,85,107,84,88,94,77,77,84,108,83,63,34,34,43,45,49,37,20,25,22,35,31,49,48,50,56,56,42,54,50,77,33,34,41,61,46,64,41,88,77,125,115,147,150,214,137,231,225,210,167,170,170,171,181,166,173,236,201,260,254,246,235,264,256,254,171,238,170,176,174,235,216,227,171,170,154,155,131,139,0,0,0,0,0,61,0,0,-173,0,0,0,0,0,0,0,-4,0,0]} 1. e4 e5 2. Nf3 Nc6 3. Nc3 Nf6 4. Bb5 Bd6 5. d3 a6 (5... h6 6. Ne2 a6 7. Ba4 b5 8. Bb3 Na5 9. d4 Nxb3 10. axb3 Nxe4 11. dxe5 Bc5 12. Qd5 Bxf2+ 13. Kf1 {½-½ (49) Inarkiev,E (2689)-Svidler,P (2765) St Petersburg 2017}) 6. Ba4 {C48: Four Knights: 4 Bb5, replies other than 4...Bb4} b5 7. Bb3 Na5 {LiveBook: 4 Games} 8. d4 {White is slightly better.} exd4 $1 9. Qxd4 O-O (9... Nc6 {feels hotter.} 10. Qd3 O-O 11. Bg5 Bb7 12. O-O-O h6) 10. Bg5 $146 ({Predecessor:} 10. O-O Be7 11. e5 c5 12. Qf4 c4 13. exf6 Bxf6 {1-0 (50) Kislinsky,A (2489)-Baryshpolets,A (2544) Lutsk 2015}) 10... Be7 11. e5 $1 {[%cal Re5f6]} Ne8 12. Bxe7 Qxe7 13. Nd5 Qd8 14. Qb4 Nc6 15. Qc5 {aiming for 0-0-0.} Bb7 16. O-O-O {Threatens to win with Nd4.} d6 17. exd6 cxd6 18. Qe3 Na5 19. Rhe1 Nxb3+ 20. axb3 (20. cxb3 Bxd5 21. Rxd5 Nf6 $11) (20. Qxb3 $5 {[%cal Rd5e7]} Nf6 21. Ne7+ Kh8 22. Nf5 $16) 20... Bxd5 $1 21. Rxd5 Nf6 22. Rdd1 Re8 23. Qd3 Rxe1 24. Rxe1 Rc8 25. Kb1 d5 26. Nd4 g6 27. f3 Qd6 28. g3 Kg7 29. Qd2 h6 30. Re3 b4 31. Qe2 Rc7 32. Qd3 Rc8 33. Re2 a5 34. Qb5 $1 Rc5 35. Re6 $1 {[%cal Re6d6]} Qc7 36. Qa6 Qd8 (36... Rxc2 $16 37. Nxc2 (37. Rxf6 Rxb2+ 38. Kxb2 Qc3+ 39. Kb1 Qe1+ 40. Kb2 Qc3+ 41. Kb1 Qe1+ 42. Kc2 Qc3+ 43. Kb1 $11) 37... fxe6) 37. Qa7 Rc7 (37... Qc7 $16 38. Re7 Qxa7 39. Rxa7 Kf8) 38. Qxa5 $18 Qd7 39. Re2 Rb7 40. Qc5 h5 41. Qc6 Qxc6 42. Nxc6 {[%mdl 4096] Endgame KRN-KRN} h4 (42... Rb6 {was worth a try.}) 43. gxh4 Nh5 44. Rd2 Rb6 45. Ne5 $1 f6 {[#]} 46. Nd3 $1 ({Worse is} 46. Rxd5 fxe5 47. Rxe5 Rd6 $11) 46... Kf7 47. Re2 Rb5 (47... Ng7 $142 48. Nf4 Rd6) 48. Kc1 Ng7 49. Rg2 Nf5 (49... d4 $142 50. Kd2 Ne6) 50. Rg4 d4 51. Kd2 Rb8 52. Rf4 Rh8 53. Nxb4 Nxh4 {With the idea ...g5.} 54. Nc6 (54. Ke2 $16) 54... g5 $11 55. Re4 Nxf3+ 56. Ke2 Rc8 (56... Rh3 $11) 57. Re7+ (57. Na7 $14 Rxc2+ 58. Kxf3) 57... Kg6 58. Re6 $2 {[#]} (58. Kxf3 $11 {and White is okay.} Rxc6 59. Re2) 58... Kf7 $2 (58... d3+ $1 $19 59. Kxd3 Rxc6 60. Rxc6 Ne5+ 61. Kd4 Nxc6+ 62. Kc5 f5) 59. Rd6 {The position is equal.} d3+ 60. Rxd3 {Strongly threatening Nd8+.} Rxc6 61. Kxf3 {And now Rc3 would win.} Rxc2 62. h3 {[%cal Bh2h3,Bh3h4][%mdl 32]} Rxb2 63. h4 {Precision: White = 66%, Black = 54%.} 1/2-1/2

[Event "World Chess King Summit 2018"]
[Site "Shenzhen"]
[Date "2018.07.04"]
[Round "3"]
[White "Ponomariov, Ruslan"]
[Black "Hou, Yifan"]
[Result "1/2-1/2"]
[WhiteElo "2686"]
[BlackElo "2658"]
[Annotator "TA"]
[PlyCount "59"]
[EventDate "2018.??.??"]
[EventCountry "CHN"]
[SourceTitle "playchess.com"]
[Source "ChessBase"]
[SourceQuality "1"]

{[%evp 16,59,20,13,20,19,26,23,29,35,26,7,49,45,58,19,23,19,27,14,22,15,15,0,0,0,25,32,23,22,26,0,0,0,0,0,0,0,0,0,0,0,0,0,0,0]} 1. d4 Nf6 2. Nf3 d5 3. c4 e6 4. g3 Bb4+ 5. Bd2 Bd6 (5... Be7 6. Bg2 O-O 7. O-O Nbd7 8. b4 c6 9. a4 Bd6 10. Qc2 e5 11. cxd5 cxd5 12. dxe5 Nxe5 13. Bc3 Re8 14. Nbd2 Nxf3+ 15. Bxf3 Bh3 {½-½ (58) So,W (2778)-Karjakin,S (2782) Stavanger 2018}) 6. Nc3 {E01: Catalan: Early deviations} O-O 7. Bg2 Nbd7 8. c5 Be7 9. O-O {LiveBook: 5 Games} Ne4 10. Qc2 f5 11. Bf4 $146 ({Predecessor:} 11. Be3 c6 12. Rad1 Bf6 {0-1 (43) Temirbayev,S (2428)-Kazakov,K (2322) Pavlodar 2010}) 11... g5 12. Be3 c6 13. Rad1 Rf7 14. Nxe4 fxe4 15. Ne5 Nxe5 16. dxe5 Bd7 17. f3 exf3 18. Bxf3 Qc7 19. Bh5 Rxf1+ 20. Rxf1 {[#] Intending Rf7 and mate.} Rf8 ({But not} 20... Qxe5 $6 21. Rf7 $16) 21. Rxf8+ Bxf8 22. Qc3 Qd8 23. Qb3 Be8 {The position is equal.} 24. Bxe8 Qxe8 25. Qxb7 Qg6 $1 26. Qxc6 {[#] Threatens to win with Bd4.} Qb1+ 27. Kf2 Qf5+ 28. Ke1 {aiming for Bd4.} Qb1+ 29. Kf2 Qf5+ 30. Ke1 {Precision: White = 58%, Black = 76%.} 1/2-1/2

[Event "World Chess King Summit 2018"]
[Site "Shenzhen"]
[Date "2018.07.04"]
[Round "3"]
[White "Hou, Yifan"]
[Black "Ponomariov, Ruslan"]
[Result "1/2-1/2"]
[WhiteElo "2658"]
[BlackElo "2686"]
[Annotator "TA"]
[PlyCount "71"]
[EventDate "2018.??.??"]
[EventCountry "CHN"]
[SourceTitle "playchess.com"]
[Source "ChessBase"]
[SourceQuality "1"]

{[%evp 20,71,11,0,18,37,28,2,3,-21,-24,-25,-25,-27,-3,0,0,-49,-48,-60,-58,-60,-61,-68,-65,-68,-65,-67,-44,-67,-49,-58,-24,-26,0,0,0,-27,0,0,0,0,0,0,0,0,0,0,0,0,0,0,0,0]} 1. e4 e5 2. Nf3 Nc6 3. Nc3 Nf6 4. Bb5 Bb4 5. O-O O-O 6. d3 Bxc3 7. bxc3 d6 8. Bg5 Bd7 9. Rb1 a6 10. Ba4 {C49: Four Knights: 4 Bb5 Bb4} Rb8 11. Re1 {LiveBook: 3 Games} (11. Bb3 h6 12. Bh4 Qe7 13. Re1 Na5 14. d4 Bc6 15. Qd3 Nxb3 16. axb3 Rfe8 17. h3 Rbd8 {1-0 (30) Wang,H (2710)-Bai,J (2594) Tianjin 2018}) 11... Ne7 12. Bb3 Ng6 13. Nh4 Kh8 $146 ({Predecessor:} 13... Nf4 14. h3 Ne6 15. Bc1 Nc5 16. Qf3 Nxb3 17. axb3 {½-½ (48) Kulish,I (2250)-Foisor,C (2405) Moscow 1994}) 14. Qd2 h6 15. Nxg6+ fxg6 16. Be3 g5 17. f3 Qe7 18. d4 g4 19. fxg4 Nxg4 (19... Nxe4 $6 20. Qd3 $11) 20. h3 Nxe3 21. Qxe3 b6 22. Bc4 a5 23. Rf1 Kh7 24. Qg3 Bc6 ({Reject} 24... exd4 $6 25. cxd4 Be6 26. d5 $11) 25. Bd5 Bxd5 (25... Ba4 {feels hotter.} 26. Qd3 Bd7 27. Bc4 Rbe8 28. Ba6 Rf4) 26. exd5 e4 27. Qe3 Rbe8 28. Rbe1 Rf6 29. Rxf6 {The position is equal.} Qxf6 $11 {[%mdl 4096] Endgame KQR-KQR} 30. Rf1 Qg6 31. c4 Re7 32. Rf4 Re8 33. Rg4 Qf5 34. Rf4 Qg6 35. Rg4 Qf5 36. Rf4 {Precision: White = 62%, Black = 61%.} 1/2-1/2

[Event "World Chess King Summit 2018"]
[Site "Shenzhen"]
[Date "2018.07.05"]
[Round "5"]
[White "Ponomariov, Ruslan"]
[Black "Hou, Yifan"]
[Result "1/2-1/2"]
[WhiteElo "2686"]
[BlackElo "2658"]
[Annotator "TA"]
[PlyCount "77"]
[EventDate "2018.??.??"]
[EventCountry "CHN"]
[SourceTitle "playchess.com"]
[Source "ChessBase"]
[SourceQuality "1"]

{[%evp 19,77,29,34,22,23,16,35,48,37,26,33,29,39,55,45,46,46,13,26,8,8,8,14,8,8,6,3,7,0,8,20,16,20,21,22,22,28,29,99,0,0,0,0,0,0,0,0,0,0,0,0,0,0,0,0,0,0,0,0,0]} 1. d4 Nf6 2. Nf3 d5 3. c4 e6 4. g3 Be7 5. Bg2 O-O 6. O-O dxc4 7. Qa4 c6 8. Qxc4 b5 9. Qc2 Bb7 10. Bg5 Nbd7 {LiveBook: 6 Games} 11. Rd1 {D30: Queen's Gambit Declined: Systems without Nc3} (11. Nbd2 c5 12. Bxf6 gxf6 13. Rac1 Qb6 14. dxc5 Nxc5 15. Nb3 Be4 16. Qc3 Nxb3 17. Qxb3 Rac8 18. Nh4 Bg6 {½-½ (27) Vitiugov,N (2722)-Riazantsev,A (2650) St Petersburg 2017}) 11... Qb6 12. Nc3 c5 $146 ({Predecessor:} 12... Bd6 13. Rac1 c5 14. Bxf6 Nxf6 15. Qb3 Bc6 16. e3 c4 17. Qc2 Qb7 {½-½ (59) Reyes Capellan,E (2046)-Mendez Ramirez,V (1863) Santo Domingo 2017}) 13. Ne5 {White is slightly better.} Nxe5 14. dxe5 Bxg2 15. Kxg2 Qb7+ 16. Kg1 Nd5 17. Bxe7 Nxe7 18. a4 a6 19. axb5 axb5 20. Rxa8 Rxa8 21. Qd3 {[#] Qd8+! would kill now.} h6 22. Nxb5 Rb8 $132 {[%mdl 2048] Black is not keeping still} 23. Nc3 Nc6 24. Qd6 Qb6 {aiming for ...Rd8.} 25. Na4 Qb5 26. Nxc5 {Hoping for Rc1.} Qxe2 27. Rf1 Qf3 28. Nd7 Rd8 ({Wrong is} 28... Rxb2 $2 29. Qf8+ Kh7 {[#]} 30. Nf6+ $1 {[%mdl 512]} gxf6 31. Qxf7+ Kh8 32. exf6 $18) (28... Re8 $11) 29. Qc7 (29. Rc1 $16 Na7 30. Qd1 Qxd1+ 31. Rxd1) 29... Kh7 $11 {The position is equal.} 30. h4 Qd5 31. Nb6 Qe4 32. Nd7 {Strongly threatening Nf6+!} ({Don't play} 32. Rc1 Rd3 $17) 32... Rxd7 33. Qxd7 Nxe5 {[%mdl 4096] Endgame KQR-KQN} 34. Qd1 {And now Qb1 would win.} Nf3+ $1 35. Kh1 {Threatens to win with Qb1.} Qg4 {[%cal Rg4h3]} 36. Kg2 Nxh4+ $1 37. Kh2 Nf3+ 38. Kg2 Nh4+ $1 39. Kh2 {Precision: White = 55%, Black = 81%.} 1/2-1/2

[Event "World Chess King Summit 2018"]
[Site "Shenzhen"]
[Date "2018.07.05"]
[Round "6"]
[White "Hou, Yifan"]
[Black "Ponomariov, Ruslan"]
[Result "1/2-1/2"]
[WhiteElo "2658"]
[BlackElo "2686"]
[Annotator "TA"]
[PlyCount "118"]
[EventDate "2018.??.??"]
[EventCountry "CHN"]
[SourceTitle "playchess.com"]
[Source "ChessBase"]
[SourceQuality "1"]

{[%evp 28,118,27,32,32,32,32,32,30,35,39,34,35,23,15,8,11,7,10,6,5,0,0,0,0,0,0,0,0,0,0,0,12,14,44,45,45,45,55,55,55,54,84,40,40,39,45,45,47,45,45,40,40,40,40,40,54,30,30,30,38,31,32,31,31,31,33,33,46,40,40,33,40,40,52,40,38,32,40,8,47,17,18,16,24,5,8,6,5,0,0,0,0]} 1. e4 e5 2. Nf3 Nc6 3. Bb5 Nf6 4. O-O Nxe4 5. d4 {[%cal Bd2d4,Bd4e5][%mdl 32]} Nd6 6. dxe5 Nxb5 7. a4 Nbd4 8. Nxd4 d5 9. exd6 Nxd4 10. Qxd4 Qxd6 11. Qe3+ {C67: Ruy Lopez: Berlin Defence: 4 0-0 Nxe4} Be7 12. Nc3 c6 13. Re1 Be6 14. Ne4 Qc7 15. Nc5 {LiveBook: 3 Games} Bxc5 $1 16. Qxc5 b6 17. Qa3 c5 18. a5 O-O 19. axb6 Qxb6 {[#]} 20. Bf4 $146 Rfe8 21. Re5 c4 22. h3 a6 23. Rae1 f6 24. R5e4 Bf7 25. Re7 Rxe7 26. Rxe7 (26. Qxe7 $2 {too greedy.} Re8 $19) 26... Re8 27. Be3 $36 {[%mdl 2048] White has the initiative.} Qc6 28. Ra7 Qe4 {[#] ...Bd5 is the strong threat.} 29. Qd6 Bd5 {[%csl Gd5][%cal Re4g2]} 30. Qg3 {[%csl Ga7][%cal Rg3g7]} Qg6 (30... Bb7 {is interesting.} 31. Bh6 g6 32. f3 Qc6 33. Qf2 Re7) 31. Qxg6 hxg6 32. Rxa6 $14 {[%mdl 4096] Endgame KRB-KRB} Be4 33. Ra4 Rc8 34. c3 Bd3 35. Rb4 g5 36. Kh2 Rc7 37. Kg3 Kf7 38. Bd4 Bf1 39. b3 cxb3 40. Rxb3 Kg6 41. Rb1 Bc4 42. f4 gxf4+ 43. Kxf4 Re7 44. g4 Bd5 45. Rb5 Re4+ 46. Kg3 Bc4 47. Rc5 Bf1 48. Rc7 Be2 49. Ra7 Re8 50. Kf2 Bd3 51. h4 {[%cal Bh3h4,Bh4h5,Bh5h6][%mdl 32]} Bc4 52. h5+ Kh6 53. Be3+ Kh7 54. h6 Rg8 55. Kg3 Kg6 56. Rc7 Be2 {The position is equal.} 57. hxg7 Rxg7 58. Rc6 {aiming for g5.} Kf7 59. Rc7+ Kg8 {Precision: White = 62%, Black = 77%.} 1/2-1/2

[Event "World Chess King Summit 2018"]
[Site "Shenzhen"]
[Date "2018.07.05"]
[Round "7"]
[White "Ponomariov, Ruslan"]
[Black "Hou, Yifan"]
[Result "1/2-1/2"]
[WhiteElo "2686"]
[BlackElo "2658"]
[Annotator "TA"]
[PlyCount "88"]
[EventDate "2018.??.??"]
[EventCountry "CHN"]
[SourceTitle "playchess.com"]
[Source "ChessBase"]
[SourceQuality "1"]

{[%evp 21,88,14,34,-9,-9,-17,0,0,0,0,-4,0,11,13,29,28,46,45,59,60,56,47,57,35,84,70,83,83,83,83,83,86,81,83,83,84,81,33,99,33,33,33,33,33,33,33,33,0,0,0,0,0,0,0,0,0,0,0,0,0,0,0,0,0,0,0,0,0,0]} 1. d4 {Lutz,C} Nf6 2. Nf3 d5 3. c4 e6 4. g3 Be7 5. Bg2 O-O 6. O-O dxc4 7. Qa4 c6 8. Qxc4 b5 {E06: Closed Catalan: Early deviations} 9. Qb3 Bb7 10. Bg5 (10. Rd1 Nbd7 11. Nc3 Qb6 12. Bg5 h6 13. Bxf6 Nxf6 14. Ne5 {1-0 (27) Grischuk,A (2766)-Karjakin,S (2782) Leuven 2018}) 10... Nbd7 11. Nc3 a6 {LiveBook: 8 Games} 12. Bxf6 Nxf6 13. Rfd1 {[#]} c5 $146 ({Predecessor:} 13... Qc7 14. Ng5 c5 15. dxc5 Bxg2 16. Kxg2 Qxc5 {0-1 (57) Adianto,U (2583)-Dreev,A (2676) Beijing 2000 CBM 078 [Lutz,C]}) 14. dxc5 Qc7 15. a4 Bxc5 {White must now prevent ...b4.} 16. axb5 axb5 17. Nxb5 Qb6 {[#] Threatens to win with ...Rxa1.} 18. Nbd4 Rxa1 19. Rxa1 Rb8 20. Qxb6 Bxb6 21. e3 h6 22. b3 Rd8 23. Ne5 Bxg2 24. Kxg2 {aiming for Ndc6.} Bxd4 25. exd4 Rxd4 $14 {[%mdl 4096] Endgame KRN-KRN} 26. Ra8+ Kh7 27. Nxf7 Rb4 28. Ra3 Nd7 29. h4 Kg6 {[#]} (29... Nc5 $14) 30. Nd6 (30. Nd8 $1 $16) 30... Nc5 31. h5+ Kh7 $1 32. Ra7 {Rc7 is the strong threat.} Rxb3 33. Rc7 Rd3 34. Nc8 (34. Ne8 {feels hotter.} Nd7 35. Rc6 Nf8 36. Nc7 e5 37. Ne8) 34... Ne4 {The position is equal.} 35. Ne7 Nf6 36. Ng6 Nxh5 37. Nf8+ Kg8 38. Nxe6 Rd6 39. Re7 g5 40. Kf3 Nf6 41. Nc5 Rc6 42. Ne4 Kf8 43. Re5 Nxe4 44. Kxe4 Kf7 {Precision: White = 60%, Black = 62%.} 1/2-1/2

[Event "World Chess King Summit 2018"]
[Site "Shenzhen"]
[Date "2018.07.05"]
[Round "8"]
[White "Hou, Yifan"]
[Black "Ponomariov, Ruslan"]
[Result "1/2-1/2"]
[WhiteElo "2658"]
[BlackElo "2686"]
[Annotator "TA"]
[PlyCount "76"]
[EventDate "2018.??.??"]
[EventCountry "CHN"]
[SourceTitle "playchess.com"]
[Source "ChessBase"]
[SourceQuality "1"]

{[%evp 21,76,15,8,2,8,6,6,13,9,0,10,0,0,0,14,0,15,8,27,16,20,0,0,-8,22,22,23,0,0,-96,-81,-102,0,0,0,0,0,0,0,0,0,0,0,0,0,0,0,0,0,0,0,0,0,0,0,0,0]} 1. e4 e5 2. Nf3 Nc6 3. Bb5 Nf6 4. d3 Bc5 5. O-O Nd4 6. Nxd4 Bxd4 7. c3 {C65: Ruy Lopez: Berlin Defence (3...Nf6), unusual lines and 4 0-0 Bc5} (7. Ba4 O-O 8. Nd2 d5 9. exd5 Qxd5 10. Bb3 Qc6 11. Qf3 Bd7 12. h3 Rae8 13. Re1 b5 14. Qxc6 Bxc6 {½-½ (78) Caruana,F (2816)-Karjakin,S (2782) Paris 2018}) 7... Bb6 8. Na3 c6 9. Ba4 d6 10. Nc4 Bc7 11. Bb3 Be6 {LiveBook: 6 Games} 12. f4 exf4 13. Bxf4 d5 $1 {[%cal Rd5c4] [#]} 14. exd5 $146 ({Predecessor:} 14. Nd2 O-O {½-½ (40) Efimenko,Z (2641)-Fressinet,L (2712) Bilbao 2014}) 14... Nxd5 15. Bxc7 Qxc7 16. Qf3 O-O 17. Rae1 Rae8 18. d4 Re7 19. Ne5 Nf6 20. Bc2 Nd7 $1 21. Qe4 {[%csl Gc2][%cal Re4h7] [#]} g6 $1 22. Nf3 f5 23. Qh4 Nf6 24. Ng5 Bd5 25. b3 (25. Rxe7 $11 Qxe7 26. Re1) 25... Rfe8 $17 26. c4 {[#]} Rxe1 (26... Ng4 $1 $17 27. Rxe7 Qxe7 28. cxd5 Qe3+ 29. Kh1 Nf2+ 30. Kg1 Nh3+ 31. Kh1 Nxg5 32. dxc6 bxc6) 27. Rxe1 $11 {The position is equal.} Rxe1+ 28. Qxe1 h6 29. Ne6 Bxe6 $1 30. Qxe6+ Kg7 31. h3 h5 32. Bd3 h4 33. Qe1 Qf4 34. Qe7+ Kh6 35. Qxf6 {Qh8+ is the strong threat.} Qe3+ 36. Kh2 Qg3+ 37. Kh1 {And now Qf8+ would win.} Qe1+ 38. Kh2 Qg3+ {Precision: White = 39%, Black = 69%.} 1/2-1/2

[Event "World Chess King Summit 2018"]
[Site "Shenzhen"]
[Date "2018.07.07"]
[Round "10"]
[White "Yifan Hou"]
[Black "Ruslan Ponomariov"]
[Result "1/2-1/2"]
[WhiteElo "2659"]
[BlackElo "2649"]
[Annotator "TA"]
[PlyCount "171"]
[EventDate "2018.??.??"]
[EventCountry "CHN"]
[SourceTitle "playchess.com"]
[Source "ChessBase"]
[SourceQuality "1"]

{[%evp 21,171,5,4,0,3,-37,-12,-16,52,44,39,45,35,50,14,12,34,0,0,-10,-31,-22,-6,-26,-29,-30,-20,-31,-27,-44,-39,-40,-40,-47,-49,-45,-52,-56,-47,-75,-52,-79,0,0,0,-12,30,24,24,7,7,0,0,0,0,0,0,0,100,100,116,116,116,116,175,176,172,120,120,81,82,90,78,86,116,95,120,120,120,120,120,120,120,95,93,20,20,22,120,120,120,117,120,85,102,85,85,75,79,60,95,95,92,92,92,92,92,92,1013,954,933,855,645,116,116,116,116,116,116,116,116,0,116,116,147,116,116,0,116,116,116,116,116,116,147,147,147,147,147,147,147,147,147,147,147,147,147,115,147,0,147,147]} 1. e4 e5 2. Nf3 Nc6 3. Bb5 Nf6 4. d3 Bc5 5. c3 O-O 6. O-O d6 7. Nbd2 Ne7 {C65: Ruy Lopez: Berlin Defence (3...Nf6), unusual lines and 4 0-0 Bc5} 8. d4 exd4 9. cxd4 Bb6 10. Re1 Bg4 11. h3 Bh5 {LiveBook: 28 Games} 12. a4 a6 13. Bf1 Nc6 14. a5 {[#]} Bxd4 $146 (14... Bxf3 $11 15. Nxf3 Bxa5) ({Predecessor:} 14... Ba7 15. Ra4 {1-0 (40) Caruana,F (2804)-Kramnik,V (2812) Leuven 2016}) 15. g4 $1 $14 Bg6 {[#] White must now prevent ...Bc5.} 16. Nxd4 Nxd4 17. f4 $1 h6 18. b4 Nc6 19. Qb3 {[%mdl 1024] White has compensation.} Re8 $36 {[%cal Rg6e4][%mdl 2048] Black has the initiative.} 20. f5 Bh7 $1 21. Bb2 Ne5 22. Rad1 Nfd7 23. Nc4 {[%cal Bd2c4,Bc4e3,Be3d5][%mdl 32]} Qe7 24. Kg2 Kh8 25. Ne3 f6 26. Nd5 Qd8 27. Qe3 Bg8 28. Nf4 Bf7 29. Qg3 Qe7 30. Bc3 Kg8 31. Rd2 Nf8 (31... b5 $17) 32. h4 $11 Rad8 33. Be2 Nc4 (33... Nfd7 {looks sharper.} 34. Nh3 c5 35. g5 Kh8 36. Nf2 cxb4 37. Bxb4 Nc5) 34. Bxc4 Bxc4 35. g5 fxg5 ({But not} 35... hxg5 $2 36. hxg5 fxg5 37. Nh5 $18) 36. hxg5 Qxg5 37. Qxg5 hxg5 38. Nh5 Rd7 39. f6 Ng6 (39... g6 $11 {remains equal.} 40. f7+ Rxf7 41. Nf6+ {[#]} Rxf6 $1 {[%mdl 512]} 42. Bxf6 Bb5) 40. fxg7 $16 Nf4+ 41. Nxf4 gxf4 42. Kf3 Kf7 (42... Bb5 $16 {might work better.}) 43. Kxf4 $18 Rg8 44. Rf2 (44. Kg5 $18) 44... Ke6 45. Rg1 Rf7+ 46. Ke3 Rxf2 47. Kxf2 $16 {[%mdl 4096] Endgame KRB-KRB} Bb5 48. Ke3 Bc6 49. Rf1 Ke7 50. Bf6+ Kf7 51. Bd4+ Ke7 52. Rh1 Kf7 53. Rh6 ({Better is} 53. Rc1 $16) 53... Re8 $11 54. Rh4 Rg8 (54... d5 $11) 55. Rf4+ $16 Ke7 56. Kd3 Be8 57. Bc3 Bf7 58. Rh4 Be6 59. Rh8 Kf7 60. Ke3 Bd7 61. Kf4 Bc6 62. Kf5 Bd7+ 63. Kg5 Bc6 64. Rh4 Rxg7+ $2 {[%mdl 8192]} (64... Re8 $16) 65. Bxg7 $18 Kxg7 $16 {KR-KB} 66. Kf4 Bd7 67. Ke3 $2 (67. Rh1 $18 {has better winning chances. Rc1 is the strong threat.} Kf6 68. Rc1) 67... Kf7 68. Rh7+ Ke8 69. Kd4 Kd8 70. Rh8+ Ke7 71. Rh7+ Kd8 $1 72. Kd5 Ke8 73. Rh8+ Ke7 74. Rh7+ (74. Kd4 $16) 74... Kd8 (74... Ke8 $1 $11 {keeps the balance.}) 75. e5 dxe5 76. Kxe5 Ba4 77. Kd5 Bb3+ 78. Kc5 {Hoping for Rh8+.} Bc2 79. Rh8+ Kd7 80. Rh4 Ba4 81. Rh7+ Kd8 82. Rh8+ Kd7 83. Rb8 Bc6 84. Kd4 Bg2 85. Kc5 ({White should try} 85. Rg8 $16 Bh3 86. Kc5) 85... Bf3 (85... Bc6 $1 $11) 86. Rf8 {Precision: White = 48%, Black = 49%.} 1/2-1/2